00257nam a2200097Ia 4500008004100000100001900041245001900060245002000079260000900099856005100108160531s9999 xx 000 0 und d aDubinsky, Zvy. aPhotosynthesis cby Zvy Dubinsky c2013 uhttp://www.intechopen.com/books/photosynthesis